01708nam a2200373 i 4500001001000000003000900010005001700019007000300036008004100039040003000080082002600110245010900136264003600245300004500281336002700326337003300353338002800386504003400414590002600448650005300474650007000527650004600597650004700643650001900690651005300709651004600762710008100808910003800889942001400927952013400941952011901075952012501194999001501319000004810DO-SdBNP20250918104643.0ta090727s2005 dr a r 000 0 spa d aDO-SdBNPbspacBNPHUerda 4a304.6bE56s, 200222200aEncuesta sociodemográfica y sobre VIH/SIDA en los bateyes estatales de la República Dominicana 2002. 1aSanto Domingo :bCESDEM,c2005. a116 páginas :bilustraciones ;c28 cm. atextobtxt2rdacontent asin mediaciónbn2rdamedia avolumenbnc2rdacarrier aBibliografía : páginas 84 aInventariado, 2018/BT 0aSIDA (Enfermedad)zRepública Dominicana952709 4aEnfermedades de transmision sexualxPrevención y control913967 4aMatrimoniozRepública Dominicana911140 4aNutriciónzRepública Dominicana910112 4aMujeres913968 4aRepública DominicanaxCondiciones sociales946 4aRepública DominicanaxPoblación914232 aCentro de Estudios Sociales y Demográficos (República Dominicana)954618 aValidado. Control de calidad. MFF 2ddccLBS1 001054708DSaGRbGRcHDd2009-07-27iLF1l0o304.6 E56s, 2002p4810-30r2020-06-25te. 3w2020-06-25yLFDSZPréstamo en sala 0010718PDaPDbPDcHDd2009-07-27iLF1l0o304.6 E56s, 2002p4810-10r2020-06-25w2020-06-25yLFPDZNo se presta 0010718PDaPDbPDcHDd2009-07-27iLF1l0o304.6 E56s, 2002p4810-20r2020-06-25te. 2w2020-06-25yLFPDZNo se presta c4616d4616